|
|
|
|
| LEADER |
00000cam a22000004a 4500 |
| 001 |
musev2_67660 |
| 003 |
MdBmJHUP |
| 005 |
20230905050948.0 |
| 006 |
m o d |
| 007 |
cr||||||||nn|n |
| 008 |
120523s2011 enk o 00 0 eng d |
| 020 |
|
|
|a 9781847794543
|
| 020 |
|
|
|z 9780719079672
|
| 020 |
|
|
|z 1847794548
|
| 035 |
|
|
|a (OCoLC)808600275
|
| 040 |
|
|
|a MdBmJHUP
|c MdBmJHUP
|
| 100 |
1 |
|
|a Thorpe, Julie.
|
| 245 |
1 |
0 |
|a Pan-Gemanism and the Austrofascist State, 1933-38 /
|c Julie Thorpe.
|
| 264 |
|
1 |
|a Manchester :
|b Manchester University Press,
|c 2011.
|
| 264 |
|
3 |
|a Baltimore, Md. :
|b Project MUSE,
|c 2020
|
| 264 |
|
4 |
|c ©2011.
|
| 300 |
|
|
|a 1 online resource (272 pages).
|
| 336 |
|
|
|a text
|b txt
|2 rdacontent
|
| 337 |
|
|
|a computer
|b c
|2 rdamedia
|
| 338 |
|
|
|a online resource
|b cr
|2 rdacarrier
|
| 505 |
0 |
|
|a Copyright; Contents; List of fi gure; Abbreviations; Acknowledgements; Introduction; 1. Pan-Germanism from empire to republic; 2. Creating a fascist press at home and abroad; 3. Pan-Germanism and Austrofascism in a small town; 4. Reich Germans, Auslandsdeutsche and minorities; 5. 'Ostjude' as anti-Semitic stereotype; 6. Citizens, immigrants and refugees; Conclusion; Bibliography; Index.
|
| 520 |
8 |
|
|a About the ideas and policies that characterized the rightward trajectory of Austrofascism in the 1930s, this study provides a fresh perspective on the debate. Thorpe argues for a transnational approach to fascism in Austria and situates the case studies within a broader context of Italian and German fascism.
|
| 588 |
|
|
|a Description based on print version record.
|
| 650 |
|
7 |
|a Politics and government
|2 fast
|0 (OCoLC)fst01919741
|
| 650 |
|
7 |
|a Pangermanism.
|2 fast
|0 (OCoLC)fst01052098
|
| 650 |
|
7 |
|a Fascism.
|2 fast
|0 (OCoLC)fst00921551
|
| 650 |
|
7 |
|a HISTORY
|x Modern
|y 20th Century.
|2 bisacsh
|
| 650 |
|
7 |
|a HISTORY
|x World.
|2 bisacsh
|
| 650 |
|
0 |
|a Fascism
|z Austria
|x History.
|
| 650 |
|
0 |
|a Pangermanism.
|
| 651 |
|
7 |
|a Austria.
|2 fast
|0 (OCoLC)fst01204901
|
| 651 |
|
0 |
|a Austria
|x Politics and government
|y 1918-1938.
|
| 651 |
|
0 |
|a Austria
|x History
|y 20th century.
|
| 655 |
|
7 |
|a History.
|2 fast
|0 (OCoLC)fst01411628
|
| 655 |
|
7 |
|a Electronic books.
|2 local
|
| 710 |
2 |
|
|a Project Muse.
|e distributor
|
| 830 |
|
0 |
|a Book collections on Project MUSE.
|
| 856 |
4 |
0 |
|z Texto completo
|u https://projectmuse.uam.elogim.com/book/67660/
|
| 945 |
|
|
|a Project MUSE - Custom Collection
|
| 945 |
|
|
|a Project MUSE - Archive Complete Supplement VIII
|
| 945 |
|
|
|a Project MUSE - Archive History Supplement VIII
|